<?xml version="1.0" encoding="UTF-8"?>
<collection xmlns="http://www.loc.gov/MARC21/slim">
 <record>
  <leader>00794pamaa2200157   4500</leader>
  <controlfield tag="001">0000014527</controlfield>
  <controlfield tag="005">20060911090000.0</controlfield>
  <datafield tag="020" ind1="0" ind2="0">
   <subfield code="a">0521446767 </subfield>
  </datafield>
  <datafield tag="082" ind1=" " ind2=" ">
   <subfield code="a">428 CAM</subfield>
  </datafield>
  <datafield tag="090" ind1="0" ind2="0">
   <subfield code="a">PE1128.A2 </subfield>
   <subfield code="b">CAM 1993</subfield>
  </datafield>
  <datafield tag="245" ind1="0" ind2="0">
   <subfield code="a">CAMBRIDGE proficiency examination practice 5 [</subfield>
   <subfield code="m">audiocassette].</subfield>
  </datafield>
  <datafield tag="260" ind1="0" ind2="0">
   <subfield code="a">Cambridge: </subfield>
   <subfield code="b">C.U.P., </subfield>
   <subfield code="c">1993.</subfield>
  </datafield>
  <datafield tag="300" ind1=" " ind2=" ">
   <subfield code="a">[Cassette1 of 2 paper 4 Listening comprehension Side 1; Test 1,  Test 2 ; Side 2: Test 2 (part 2,3 &amp; 4), test 3 (part 1)] ; [Cassette 2 of 2 paper 4 LIstening comprehension, Side 1: Test 3 (part 2, 3 &amp; 4); Test 4 (parts 1), Side 2 Test 4 (parts 2 &amp; 3) ; Test 5].</subfield>
  </datafield>
  <datafield tag="500" ind1="0" ind2="0">
   <subfield code="a">C122 (2 of 2), C120 (1 of 2), C121 (1 of 2 dup), C123 (2 of 2 dup)</subfield>
  </datafield>
  <datafield tag="650" ind1="0" ind2="0">
   <subfield code="a">English language -- </subfield>
   <subfield code="x">Textbooks for foreign speakers </subfield>
  </datafield>
  <datafield tag="710" ind1="1" ind2="1">
   <subfield code="a">University of Cambridge Local Examinations Syndicate </subfield>
  </datafield>
 </record>
</collection>
